[Event "GCT Saint Louis (rapid) 2019"]
[Site "Saint Louis USA"]
[Date "2019.08.10"]
[Round "3"]
[White "Karjakin, Sergey"]
[Black "Yu, Yangyi"]
[Result "1/2-1/2"]
[WhiteElo "2750"]
[BlackElo "2752"]
[PlyCount "88"]
[EventDate "2019.08.10"]

1. Nf3 d5 2. d4 Nf6 3. e3 e6 4. b3 c5 5. Bd3 Nc6 6. O-O cxd4 7. exd4 g6 8. Re1
Bg7 9. Ba3 Ne7 10. Nbd2 O-O 11. Ne5 b6 12. Qe2 Bb7 13. Rad1 Qc7 14. Ndf3 Nf5
15. Bxf8 Rxf8 16. c4 Ne4 17. Qb2 Qd6 18. cxd5 exd5 19. Nc4 Qd8 20. Ne3 Nfd6 21.
Bf1 h5 22. g3 Re8 23. Ne5 h4 24. Bg2 hxg3 25. hxg3 a5 26. a4 Re7 27. Nd3 Bh6
28. Nf4 Bxf4 29. gxf4 Re8 30. Ng4 Bc8 31. Ne5 Qh4 32. Rc1 Kg7 33. Rc7 Rh8 34.
Nf3 Qxf4 35. Qc1 Qf6 36. Qc6 Bg4 37. Re3 Rh5 38. Qc1 Rf5 39. Ne5 Rxe5 40. dxe5
Qxf2+ 41. Kh2 Qh4+ 42. Kg1 Qf2+ 43. Kh2 Qh4+ 44. Kg1 Qf2+ 1/2-1/2

[Event "GCT Saint Louis (rapid) 2019"]
[Site "Saint Louis USA"]
[Date "2019.08.10"]
[Round "3"]
[White "Mamedyarov, Shakhriyar"]
[Black "Aronian, Levon"]
[Result "0-1"]
[WhiteElo "2764"]
[BlackElo "2765"]
[PlyCount "90"]
[EventDate "2019.08.10"]

1. d4 Nf6 2. c4 e6 3. Nf3 d5 4. Nc3 Bb4 5. Qa4+ Nc6 6. Bg5 h6 7. Bxf6 Qxf6 8.
e3 O-O 9. Be2 dxc4 10. O-O Bd7 11. Bxc4 Bxc3 12. bxc3 Rfd8 13. Be2 Be8 14. Qa3
Qe7 15. Qb2 b6 16. c4 Na5 17. e4 f6 18. e5 Rac8 19. Rad1 c5 20. d5 Bh5 21. exf6
Qxf6 22. Ne5 Bxe2 23. Qxe2 exd5 24. cxd5 c4 25. Ng4 Qg6 26. Rd4 b5 27. Ne3 Nb7
28. h4 h5 29. g4 Nd6 30. Qf3 Rf8 31. Qg2 Rce8 32. gxh5 Qxg2+ 33. Kxg2 Re5 34.
a4 a6 35. axb5 axb5 36. Ra1 Rxh5 37. Ra6 Nf5 38. Nxf5 Rhxf5 39. Ra2 c3 40. d6
Rc5 41. Rc2 Rd8 42. f4 Kf7 43. Kf3 Ke6 44. Re2+ Kd7 45. Rd1 Kc6 0-1

[Event "72nd ch-RUS 2019"]
[Site "Izhevsk RUS"]
[Date "2019.08.10"]
[Round "1"]
[White "Motylev, Alexander"]
[Black "Inarkiev, Ernesto"]
[Result "0-1"]
[WhiteElo "2668"]
[BlackElo "2682"]
[PlyCount "122"]
[EventDate "2019.08.10"]

1. e4 e5 2. Nf3 Nc6 3. Bb5 a6 4. Ba4 Nf6 5. Nc3 Be7 6. Bxc6 dxc6 7. a3 O-O 8.
d3 Nd7 9. h4 Bf6 10. g4 g6 11. Be3 Qe7 12. Ng5 Bg7 13. Qd2 Nc5 14. h5 h6 15. b4
Nd7 16. Nf3 g5 17. Ne2 Rd8 18. Ng3 Nf6 19. Nxg5 Bxg4 20. Nf3 Bxf3 21. Nf5 Qe6
22. Rg1 Nxe4 23. Nxg7 Qh3 24. Qc1 Qh2 25. Kf1 Qh3+ 26. Ke1 Qh2 27. Kf1 Nc3 28.
Nf5+ Kh7 29. Ng3 Rg8 30. Qd2 Ne2 31. Qxe2 Bxe2+ 32. Kxe2 f5 33. Rh1 Qg2 34.
Rag1 Rxg3 35. Rxg2 Rxg2 36. d4 f4 37. Bd2 exd4 38. Bxf4 Re8+ 39. Kf3 Rg7 40.
Rd1 Rd7 41. c3 d3 42. Be3 Re5 43. Kg4 b6 44. Bf4 Re8 45. Be3 Rd5 46. Bf4 Re7
47. Kg3 Red7 48. Kg4 c5 49. Bd2 Rg7+ 50. Kh4 Rg2 51. Be3 cxb4 52. c4 Rd7 53.
Kh3 Rg8 54. axb4 a5 55. bxa5 bxa5 56. Bd2 a4 57. Re1 a3 58. Re6 Rd6 59. Re5 Ra8
60. Re7+ Kg8 61. c5 Rd5 0-1

[Event "72nd ch-RUS 2019"]
[Site "Izhevsk RUS"]
[Date "2019.08.10"]
[Round "1"]
[White "Predke, Alexandr"]
[Black "Artemiev, Vladislav"]
[Result "1/2-1/2"]
[WhiteElo "2650"]
[BlackElo "2757"]
[PlyCount "78"]
[EventDate "2019.08.10"]

1. d4 Nf6 2. c4 g6 3. Nc3 d5 4. cxd5 Nxd5 5. e4 Nxc3 6. bxc3 Bg7 7. Nf3 c5 8.
Be3 Qa5 9. Qd2 O-O 10. Rc1 Rd8 11. h4 Nc6 12. d5 e6 13. h5 exd5 14. hxg6 hxg6
15. Bh6 Re8 16. Bxg7 Rxe4+ 17. Be2 Kxg7 18. Ng5 Re8 19. Rh7+ Kg8 20. Rxf7 Bg4
21. f3 Re5 22. fxg4 Qd8 23. Rxb7 Qxg5 24. Qxg5 Rxg5 25. Rc7 Ne5 26. Rb1 Nxg4
27. Rbb7 Ne3 28. Bf3 Nxg2+ 29. Kf2 Nf4 30. Rg7+ Kh8 31. Rh7+ Kg8 32. Rbg7+ Kf8
33. Rf7+ Kg8 34. Rhg7+ Kh8 35. Rh7+ Kg8 36. Rfg7+ Kf8 37. Rf7+ Kg8 38. Rhg7+
Kh8 39. Rh7+ Kg8 1/2-1/2

[Event "72nd ch-RUS 2019"]
[Site "Izhevsk RUS"]
[Date "2019.08.10"]
[Round "1"]
[White "Jakovenko, Dmitry"]
[Black "Matlakov, Maxim"]
[Result "1/2-1/2"]
[WhiteElo "2704"]
[BlackElo "2710"]
[PlyCount "201"]
[EventDate "2019.08.10"]

1. e4 e5 2. Nf3 Nc6 3. Bc4 Bc5 4. c3 Nf6 5. d3 a6 6. Bb3 d6 7. Nbd2 O-O 8. Nf1
d5 9. exd5 Nxd5 10. Ng3 f6 11. Be3 Be7 12. O-O Kh8 13. d4 exd4 14. Bxd4 Be6 15.
Re1 Qd7 16. Qd3 Rad8 17. Rad1 Nf4 18. Bxe6 Nxe6 19. Qe4 Nexd4 20. Nxd4 Nxd4 21.
Rxd4 Bd6 22. Qxb7 Rb8 23. Qxa6 Rxb2 24. a4 f5 25. Qd3 g6 26. c4 Re8 27. Rd1 Qg7
28. Rd5 Qf6 29. c5 Bf8 30. Rd8 Rb8 31. Rxe8 Rxe8 32. Qd7 Qe5 33. c6 Bc5 34. Qd2
Bb6 35. Nf1 f4 36. h3 Qe2 37. Qxe2 Rxe2 38. Nh2 Rxf2 39. Rd8+ Kg7 40. Rd7+ Kf8
41. a5 Bc5 42. Rxc7 f3 43. gxf3 Ra2+ 44. Kf1 Bd6 45. Rc8+ Ke7 46. c7 Kd7 47.
Rh8 Kxc7 48. Rxh7+ Kc6 49. Ng4 Rxa5 50. h4 Ra1+ 51. Kg2 Ra2+ 52. Kh3 Ra3 53.
Rf7 Kd5 54. Rf6 Be7 55. Rxg6 Bxh4 56. Kxh4 Rxf3 57. Kg5 Kd4 58. Rd6+ Ke4 59.
Re6+ Kd5 60. Re8 Kd4 61. Nh6 Rf2 62. Nf5+ Kd5 63. Kf6 Rf1 64. Rd8+ Kc5 65. Ke5
Re1+ 66. Kf4 Rf1+ 67. Ke4 Re1+ 68. Ne3 Re2 69. Rd3 Re1 70. Ke5 Re2 71. Rb3 Rd2
72. Rc3+ Kb4 73. Rc8 Re2 74. Kd4 Rd2+ 75. Ke4 Kb5 76. Nf5 Kb4 77. Nd4 Rh2 78.
Nc6+ Kc5 79. Ne5+ Kb5 80. Kd4 Rh4+ 81. Kd5 Kb4 82. Nd3+ Kb3 83. Nc5+ Kb4 84.
Rb8+ Kc3 85. Ne4+ Kd3 86. Rb3+ Kc2 87. Rc3+ Kb2 88. Re3 Rh8 89. Kc4 Rc8+ 90.
Nc5 Kc2 91. Re2+ Kd1 92. Rh2 Rd8 93. Nb3 Ke1 94. Nd4 Ra8 95. Kd3 Ra3+ 96. Ke4
Kf1 97. Nf5 Ke1 98. Rb2 Rh3 99. Ne3 Rh4+ 100. Kd3 Rd4+ 101. Kxd4 1/2-1/2

[Event "72nd ch-RUS 2019"]
[Site "Izhevsk RUS"]
[Date "2019.08.10"]
[Round "1"]
[White "Alekseenko, Kirill"]
[Black "Fedoseev, Vladimir3"]
[Result "1-0"]
[WhiteElo "2668"]
[BlackElo "2671"]
[PlyCount "79"]
[EventDate "2019.08.10"]

1. e4 e5 2. Nf3 Nf6 3. Nxe5 d6 4. Nf3 Nxe4 5. Nc3 Nxc3 6. dxc3 Be7 7. Be3 O-O
8. Qd2 b6 9. O-O-O Bb7 10. h4 Nd7 11. Rh3 Nf6 12. Nd4 Ne4 13. Qe2 d5 14. Nf5
Bf6 15. g4 Qd7 16. f3 Nd6 17. Nxd6 Qxd6 18. f4 Rae8 19. g5 Be7 20. Qf2 Qc6 21.
Bg2 Qc4 22. Kb1 c6 23. Bf1 Qa4 24. f5 f6 25. Rd4 Qa5 26. Rg3 Bc8 27. Bd3 c5 28.
Rxd5 Qa4 29. b3 Qxh4 30. Bc4 Kh8 31. Qg2 fxg5 32. Rh3 Qe1+ 33. Kb2 Bf6 34. Bf2
Qe4 35. Rxh7+ Kxh7 36. Qh2+ Kg8 37. Rd4+ Qe6 38. fxe6 cxd4 39. e7+ Rf7 40. Bxd4
1-0

[Event "72nd ch-RUS 2019"]
[Site "Izhevsk RUS"]
[Date "2019.08.10"]
[Round "1"]
[White "Sarana, Alexey"]
[Black "Tomashevsky, Evgeny"]
[Result "1/2-1/2"]
[WhiteElo "2655"]
[BlackElo "2706"]
[PlyCount "108"]
[EventDate "2019.08.10"]

1. d4 Nf6 2. c4 e6 3. Nf3 d5 4. Nc3 Be7 5. Bf4 O-O 6. e3 Nbd7 7. a3 c5 8. cxd5
Nxd5 9. Nxd5 exd5 10. dxc5 Nxc5 11. Be5 Bf5 12. Be2 Bf6 13. Bxf6 Qxf6 14. Qd4
Qxd4 15. Nxd4 Be6 16. f3 Rfc8 17. b4 Nd7 18. Kd2 Kf8 19. Rhb1 Ke7 20. a4 Ne5
21. Bd3 Bd7 22. a5 Nc6 23. Ne2 Ne5 24. Rb3 Nxd3 25. Rxd3 Rc4 26. Nc3 Be6 27.
Rc1 Rac8 28. Na2 Rxc1 29. Nxc1 Rc4 30. Rd4 Rxd4+ 31. exd4 Kd6 32. Kc3 Bd7 33.
Nd3 f6 34. h4 Bb5 35. Nf4 g5 36. hxg5 fxg5 37. Nh3 h6 38. g3 Bf1 39. Nf2 Bg2
40. Ng4 Bxf3 41. Nxh6 Ke6 42. Kd2 Bh5 43. Ke3 Kf6 44. Ng8+ Kf7 45. Nh6+ Ke6 46.
Kd2 b6 47. axb6 axb6 48. Ke3 Kf6 49. Ng8+ Kf7 50. Nh6+ Ke6 51. Kd2 Kf6 52. Ke3
b5 53. Ng8+ Ke6 54. Nh6 Kf6 1/2-1/2

[Event "72nd ch-RUS 2019"]
[Site "Izhevsk RUS"]
[Date "2019.08.10"]
[Round "1"]
[White "Dreev, Aleksey"]
[Black "Vitiugov, Nikita"]
[Result "1/2-1/2"]
[WhiteElo "2662"]
[BlackElo "2728"]
[PlyCount "70"]
[EventDate "2019.08.10"]

1. d4 Nf6 2. c4 e6 3. Nc3 Bb4 4. Qc2 O-O 5. a3 Bxc3+ 6. Qxc3 b6 7. Bg5 c5 8.
dxc5 bxc5 9. e3 d6 10. Bd3 Nbd7 11. Nf3 Bb7 12. Nd2 h6 13. Bh4 Ne5 14. Bc2 Ng6
15. Bxf6 Qxf6 16. Qxf6 gxf6 17. O-O-O Bxg2 18. Rhg1 Bc6 19. Ne4 Bxe4 20. Bxe4
Rad8 21. Bxg6 fxg6 22. Rxg6+ Kh7 23. Rg3 a5 24. Kc2 a4 25. h4 h5 26. e4 f5 27.
Rdg1 fxe4 28. Rg7+ Kh8 29. R7g6 Rxf2+ 30. Kc3 Rd7 31. Rh6+ Rh7 32. Rhg6 Rb7 33.
Rh6+ Rh7 34. Rhg6 Rb7 35. Rh6+ Rh7 1/2-1/2

[Event "GCT Saint Louis (rapid) 2019"]
[Site "Saint Louis USA"]
[Date "2019.08.11"]
[Round "4"]
[White "Aronian, Levon"]
[Black "Ding, Liren"]
[Result "1/2-1/2"]
[WhiteElo "2765"]
[BlackElo "2805"]
[PlyCount "68"]
[EventDate "2019.08.10"]

1. e4 c6 2. Nc3 d5 3. Nf3 Nf6 4. e5 Ne4 5. Be2 Nxc3 6. dxc3 Bg4 7. Nd4 Bxe2 8.
Qxe2 e6 9. Qg4 Nd7 10. Nf3 h5 11. Qf4 Be7 12. h4 Nf8 13. Qg3 Ng6 14. Bg5 Qc7
15. Bxe7 Qxe7 16. O-O-O O-O-O 17. Rhe1 Qf8 18. Rd3 Ne7 19. Qf4 Nf5 20. Nd4 g6
21. Qg5 Qh6 22. Qxh6 Rxh6 23. g3 Rhh8 24. Nf3 Kd7 25. c4 Ke7 26. Ra3 Ra8 27. c5
b6 28. Rc3 d4 29. Ra3 Rhb8 30. Ra4 bxc5 31. Rc4 Rb5 32. b3 Rd8 33. Ra4 a5 34.
Nd2 Ra8 1/2-1/2

[Event "GCT Saint Louis (rapid) 2019"]
[Site "Saint Louis USA"]
[Date "2019.08.11"]
[Round "4"]
[White "Rapport, Richard"]
[Black "Dominguez Perez, Leinier"]
[Result "0-1"]
[WhiteElo "2747"]
[BlackElo "2763"]
[PlyCount "48"]
[EventDate "2019.08.10"]

1. Nf3 d5 2. g3 Nf6 3. Bg2 e6 4. O-O Be7 5. c4 O-O 6. d4 dxc4 7. Ne5 Nc6 8.
Bxc6 bxc6 9. Nxc6 Qe8 10. Nxe7+ Qxe7 11. b3 cxb3 12. Qxb3 Rd8 13. Ba3 Qe8 14.
Rd1 e5 15. d5 Qd7 16. Nc3 e4 17. d6 c6 18. Qa4 Re8 19. Qa5 h6 20. f3 Qh3 21.
Nxe4 Nxe4 22. fxe4 Rxe4 23. Qd8+ Kh7 24. d7 Ba6 0-1

[Event "GCT Saint Louis (rapid) 2019"]
[Site "Saint Louis USA"]
[Date "2019.08.11"]
[Round "4"]
[White "Vachier-Lagrave, Maxime"]
[Black "Karjakin, Sergey"]
[Result "1-0"]
[WhiteElo "2778"]
[BlackElo "2750"]
[PlyCount "131"]
[EventDate "2019.08.10"]

1. e4 c6 2. Nf3 d5 3. Nc3 dxe4 4. Nxe4 Nf6 5. Qe2 Nxe4 6. Qxe4 Qa5 7. c3 Bf5 8.
Qf4 e6 9. Nh4 Bg6 10. d4 Nd7 11. Nxg6 hxg6 12. Bd3 e5 13. dxe5 Nxe5 14. Be2
O-O-O 15. O-O Bd6 16. h3 Nd3 17. Qg5 Qe5 18. Qxe5 Bxe5 19. Bxd3 Rxd3 20. Re1 f6
21. Be3 b6 22. Kf1 Rhd8 23. Ke2 R3d7 24. h4 Kb7 25. a4 c5 26. a5 Kc6 27. axb6
axb6 28. Ra4 f5 29. g3 Re8 30. Kf3 Bf6 31. Rea1 Rd3 32. Ke2 Rd7 33. Ra8 Rxa8
34. Rxa8 Rd8 35. Rxd8 Bxd8 36. c4 b5 37. Kd3 Bf6 38. b3 Be5 39. Bd2 Bd4 40. f3
Bf2 41. Bf4 Bd4 42. g4 bxc4+ 43. Kxc4 fxg4 44. fxg4 Bf6 45. h5 gxh5 46. gxh5
Be7 47. Be5 Bf8 48. Bc3 Kd6 49. Bb2 Kc6 50. Be5 Kb6 51. Kd5 Kb5 52. Bc3 Be7 53.
Bxg7 Bg5 54. Bc3 Bh6 55. Be1 Bc1 56. Bf2 Kb4 57. Bxc5+ Kxb3 58. Ke4 Bh6 59. Kf5
Kc4 60. Kg6 Bd2 61. Be7 Kd5 62. Bg5 Bc3 63. h6 Ke6 64. h7 Bh8 65. Bh6 Ke7 66.
Bg7 1-0

[Event "GCT Saint Louis (rapid) 2019"]
[Site "Saint Louis USA"]
[Date "2019.08.11"]
[Round "5"]
[White "Mamedyarov, Shakhriyar"]
[Black "Vachier-Lagrave, Maxime"]
[Result "0-1"]
[WhiteElo "2764"]
[BlackElo "2778"]
[PlyCount "110"]
[EventDate "2019.08.10"]

1. d4 Nf6 2. Nf3 g6 3. g3 Bg7 4. Bg2 d5 5. c4 c6 6. O-O O-O 7. Qb3 Qb6 8. Nc3
Rd8 9. Rd1 Bf5 10. Ne1 Be6 11. c5 Qxb3 12. axb3 Na6 13. Nd3 Ne4 14. e3 Bf5 15.
f3 Nxc3 16. bxc3 e5 17. b4 exd4 18. cxd4 Nc7 19. Nf2 Re8 20. e4 Be6 21. Bf1
dxe4 22. fxe4 Bb3 23. Rd2 Ne6 24. Bb2 Rad8 25. Ra3 Bh6 26. Rd3 Bc2 27. Rdc3
Nxd4 28. Rc4 Nb5 29. Rxc2 Nxa3 30. Bxa3 Be3 31. Kg2 Bxf2 32. Kxf2 Rxe4 33. b5
cxb5 34. Bxb5 h5 35. Be2 h4 36. Bf3 hxg3+ 37. hxg3 Ra4 38. Bb2 Rb4 39. Bf6 Re8
40. g4 Rf4 41. g5 Rf5 42. Rc1 Rc8 43. Bd4 Rd8 44. Be3 Rd3 45. Ke2 Rb3 46. Be4
Re5 47. Bd3 a5 48. Kd2 a4 49. Rc4 a3 50. Bd4 Rxg5 51. Ra4 Rg2+ 52. Ke3 f5 53.
Be5 Kf7 54. Bf4 g5 55. Bd6 a2 0-1

[Event "GCT Saint Louis (rapid) 2019"]
[Site "Saint Louis USA"]
[Date "2019.08.11"]
[Round "5"]
[White "Ding, Liren"]
[Black "Yu, Yangyi"]
[Result "1-0"]
[WhiteElo "2805"]
[BlackElo "2752"]
[PlyCount "97"]
[EventDate "2019.08.10"]

1. d4 Nf6 2. c4 e6 3. Nf3 d5 4. Nc3 Be7 5. cxd5 exd5 6. Qc2 c6 7. e3 O-O 8. Bd3
c5 9. dxc5 Nc6 10. O-O Nb4 11. Qd1 Bxc5 12. h3 Qe7 13. b3 Rd8 14. Bb2 Nxd3 15.
Qxd3 Ba3 16. Bxa3 Qxa3 17. Rfc1 Qe7 18. Rc2 Bd7 19. Rac1 Rac8 20. Nd4 a6 21. f3
h6 22. Nce2 Re8 23. Rxc8 Bxc8 24. Qd2 Qd6 25. a4 Bd7 26. Nf4 b6 27. h4 a5 28.
h5 Qe5 29. g4 Nh7 30. Kg2 Ng5 31. Qf2 f5 32. gxf5 Bxf5 33. Rc6 Bd7 34. Rxb6 Qc7
35. Rg6 Re5 36. Qb2 Kh7 37. Nb5 Bxb5 38. axb5 d4 39. Qxd4 Qb7 40. Qxe5 Qxf3+
41. Kg1 Qd1+ 42. Kf2 Qf3+ 43. Ke1 Qh1+ 44. Ke2 Qf3+ 45. Kd3 Qd1+ 46. Kc4 Qc2+
47. Kd5 Qxb3+ 48. Kc6 Qc4+ 49. Kb6 1-0

[Event "GCT Saint Louis (rapid) 2019"]
[Site "Saint Louis USA"]
[Date "2019.08.11"]
[Round "5"]
[White "Dominguez Perez, Leinier"]
[Black "Caruana, Fabiano"]
[Result "1/2-1/2"]
[WhiteElo "2763"]
[BlackElo "2818"]
[PlyCount "116"]
[EventDate "2019.08.10"]

1. e4 e5 2. Nf3 Nc6 3. Bb5 a6 4. Ba4 Nf6 5. O-O Bc5 6. c3 b5 7. Bc2 d5 8. a4
dxe4 9. axb5 exf3 10. Qxf3 e4 11. Bxe4 Ne5 12. Qe2 O-O 13. d4 Bg4 14. Qc2 Nxe4
15. Qxe4 Nf3+ 16. gxf3 Bh3 17. dxc5 Bxf1 18. Kxf1 Qd1+ 19. Qe1 Qxf3 20. Be3
axb5 21. Rxa8 Rxa8 22. Nd2 Qh1+ 23. Ke2 Qxh2 24. Nf3 Qh3 25. Qd1 Qe6 26. Qd3 c6
27. Qd6 Qc4+ 28. Kd2 b4 29. cxb4 Qxb4+ 30. Kd3 Qxb2 31. Qxc6 Qb1+ 32. Ke2 Qc2+
33. Nd2 Rd8 34. Kf3 h5 35. Ne4 h4 36. Kg2 Qc4 37. Nd6 Qe6 38. Qe4 Qxe4+ 39.
Nxe4 Kf8 40. Kh3 Ke7 41. Kxh4 Ke6 42. Ng5+ Ke7 43. Kg4 Ra8 44. Kf3 f6 45. Ne4
Ke6 46. Nd6 Ra2 47. Ke4 g6 48. Nb5 f5+ 49. Kf4 Ra4+ 50. Kg5 Rg4+ 51. Kh6 f4 52.
Bd2 Kd5 53. Nc3+ Kxc5 54. Ne4+ Kd4 55. f3 Rg3 56. Ng5 Kd3 57. Bxf4 Rxf3 58.
Nxf3 Ke4 1/2-1/2

[Event "GCT Saint Louis (rapid) 2019"]
[Site "Saint Louis USA"]
[Date "2019.08.11"]
[Round "5"]
[White "Karjakin, Sergey"]
[Black "Rapport, Richard"]
[Result "1/2-1/2"]
[WhiteElo "2750"]
[BlackElo "2747"]
[PlyCount "81"]
[EventDate "2019.08.10"]

1. e4 e5 2. Nf3 Nc6 3. Bc4 Nf6 4. d3 h6 5. O-O d6 6. c3 g6 7. a4 Bg7 8. Re1 O-O
9. Nbd2 Re8 10. Nf1 Be6 11. Ng3 d5 12. Bb5 Nd7 13. Bd2 a6 14. Bxc6 bxc6 15. d4
Bg4 16. h3 Bxf3 17. Qxf3 Rb8 18. exd5 cxd5 19. Qxd5 Rxb2 20. Be3 exd4 21. Bxd4
Nf8 22. Qxd8 Rxd8 23. Bxg7 Kxg7 24. Rad1 Rxd1 25. Rxd1 Ne6 26. Rd5 Rb1+ 27. Kh2
Rb6 28. Ne2 Rb2 29. Nd4 Nf4 30. Ra5 Rxf2 31. Kg3 Rf1 32. Rxa6 c5 33. Nb3 Ne2+
34. Kh2 h5 35. Nxc5 h4 36. Ne4 Ra1 37. Ra7 Kf8 38. Ra8+ Ke7 39. Ra7+ Kf8 40.
Ra8+ Ke7 41. Ra7+ 1/2-1/2

[Event "GCT Saint Louis (rapid) 2019"]
[Site "Saint Louis USA"]
[Date "2019.08.11"]
[Round "6"]
[White "Karjakin, Sergey"]
[Black "Mamedyarov, Shakhriyar"]
[Result "1-0"]
[WhiteElo "2750"]
[BlackElo "2764"]
[PlyCount "123"]
[EventDate "2019.08.10"]

1. e4 e5 2. Nf3 Nc6 3. Bc4 Bc5 4. c3 Nf6 5. d3 d6 6. O-O h6 7. Re1 O-O 8. Nbd2
Ne7 9. h3 Ng6 10. d4 Bb6 11. Bd3 c6 12. Nf1 Re8 13. Ng3 Be6 14. Be3 Qc7 15. Qd2
Kh7 16. a4 Rad8 17. Qc2 a5 18. Rad1 Kg8 19. b3 Kh7 20. Qb2 Kg8 21. Qc2 Kh7 22.
Qb2 Kg8 23. Bc2 Kh8 24. Qc1 Kh7 25. Nf5 Ng8 26. c4 f6 27. Ng3 Qc8 28. d5 Bxe3
29. Qxe3 Bd7 30. dxc6 Qxc6 31. Qd2 Qb6 32. Qxd6 Bc6 33. Qa3 N8e7 34. c5 Qa7 35.
Bd3 Nf8 36. Bb5 Ne6 37. Rc1 Rd7 38. b4 Red8 39. Bxc6 Nxc6 40. b5 Nb4 41. b6 Qa6
42. Qb3 Nf4 43. Re3 g6 44. Kh2 Kg7 45. Rc4 Nc6 46. Qb5 Qa8 47. Rc2 h5 48. Ne2
g5 49. Ng3 Ne7 50. Rec3 h4 51. Nf1 Ne6 52. Ne3 Nd4 53. Nxd4 exd4 54. Rd3 Qb8+
55. Kg1 Qe5 56. Nd5 Qxe4 57. Nxe7 Rxe7 58. Rc1 Rd5 59. Rcd1 g4 60. Qb2 gxh3 61.
Rxh3 d3 62. Re3 1-0

[Event "GCT Saint Louis (rapid) 2019"]
[Site "Saint Louis USA"]
[Date "2019.08.11"]
[Round "6"]
[White "Rapport, Richard"]
[Black "Caruana, Fabiano"]
[Result "0-1"]
[WhiteElo "2747"]
[BlackElo "2818"]
[PlyCount "130"]
[EventDate "2019.08.10"]

1. Nf3 d5 2. g3 g6 3. Bg2 Bg7 4. d4 c6 5. O-O Nf6 6. b3 O-O 7. Bb2 Bf5 8. c4
Nbd7 9. cxd5 cxd5 10. Nc3 Rc8 11. e3 Qa5 12. Nh4 Be4 13. f3 Bf5 14. Nxf5 gxf5
15. Qd3 e6 16. Rfc1 a6 17. Na4 h5 18. Bc3 Qc7 19. Qd2 Qb8 20. Nb2 Rc6 21. Nd3
Rfc8 22. a4 Bh6 23. Bb2 Kh7 24. Kf2 h4 25. Nf4 Rg8 26. Qd3 Qf8 27. Bh3 Kh8 28.
Rxc6 bxc6 29. Qxa6 Qg7 30. Ne2 hxg3+ 31. hxg3 Bxe3+ 32. Kxe3 Qh6+ 33. Kd3 Qxh3
34. Kc3 f4 35. gxf4 Rg2 36. Qd3 Rf2 37. Ng1 Qg2 38. Ba3 Nh5 39. Bd6 Ng3 40. Kb4
Nf5 41. Bc5 Rd2 42. Qf1 Nxd4 43. Bxd4+ Rxd4+ 44. Ka3 Qd2 45. Qh3+ Kg7 46. Qg3+
Kf8 47. Qe1 Qxf4 48. Ne2 Qd6+ 49. Ka2 Rd3 50. Rc1 c5 51. Rc3 Ne5 52. f4 Nf3 53.
Qc1 Rd2+ 54. Rc2 Rxc2+ 55. Qxc2 d4 56. Qe4 Nh4 57. Nc1 Qa6 58. Qe5 Nf5 59.
Qxc5+ Kg8 60. Qc4 Qb7 61. a5 Qg2+ 62. Ka3 Qd2 63. Ka4 Nd6 64. Qc5 Ne4 65. Qa3
Nc3+ 0-1

[Event "GCT Saint Louis (rapid) 2019"]
[Site "Saint Louis USA"]
[Date "2019.08.11"]
[Round "6"]
[White "Vachier-Lagrave, Maxime"]
[Black "Ding, Liren"]
[Result "1-0"]
[WhiteElo "2778"]
[BlackElo "2805"]
[PlyCount "127"]
[EventDate "2019.08.10"]

1. e4 e5 2. Nf3 Nc6 3. Bc4 Bc5 4. c3 Nf6 5. d3 d6 6. O-O O-O 7. Re1 a6 8. a4
Ba7 9. h3 h6 10. Nbd2 Be6 11. Bxe6 fxe6 12. b4 Nh5 13. Nf1 Qe8 14. Ra2 b5 15.
Be3 Bxe3 16. fxe3 Nf6 17. axb5 axb5 18. Rxa8 Qxa8 19. Qb3 Qe8 20. Ng3 Kh7 21.
Kh2 d5 22. Qc2 dxe4 23. dxe4 Qe7 24. Qe2 Rb8 25. Ra1 Ne8 26. Ra6 Qd7 27. Qf2
Nd6 28. Nh5 Qe8 29. Qg3 Qxh5 30. Rxc6 Nxe4 31. Qxe5 Qxe5+ 32. Nxe5 Rb7 33. Nf3
Kg8 34. Nd4 Kf7 35. g4 Nd6 36. Kg2 Ke7 37. Kf3 Kd7 38. Rc5 Rb6 39. h4 Ra6 40.
Nxb5 Nxb5 41. Rxb5 Rc6 42. Rc5 Rxc5 43. bxc5 Kc6 44. Ke4 Kxc5 45. Ke5 Kc4 46.
Kxe6 Kxc3 47. e4 Kd4 48. e5 c5 49. Kd6 c4 50. e6 c3 51. e7 c2 52. e8=Q c1=Q 53.
Qe5+ Kd3 54. Qxg7 Qf4+ 55. Kd7 Qa4+ 56. Ke7 Qb4+ 57. Ke8 Qa4+ 58. Kf8 Qa8+ 59.
Kf7 Qd5+ 60. Kg6 Qe6+ 61. Kh5 Ke2 62. Qxh6 Qe8+ 63. Qg6 Qh8+ 64. Kg5 1-0

[Event "72nd ch-RUS 2019"]
[Site "Izhevsk RUS"]
[Date "2019.08.11"]
[Round "2"]
[White "Inarkiev, Ernesto"]
[Black "Vitiugov, Nikita"]
[Result "1/2-1/2"]
[WhiteElo "2682"]
[BlackElo "2728"]
[PlyCount "82"]
[EventDate "2019.08.10"]

1. e4 e5 2. Nf3 Nc6 3. Bb5 Nf6 4. O-O Nxe4 5. d4 Nd6 6. dxe5 Nxb5 7. a4 Nbd4 8.
Nxd4 d5 9. exd6 Nxd4 10. Qxd4 Qxd6 11. Qe3+ Be7 12. Nc3 c6 13. Re1 Be6 14. Ne4
Qe5 15. Bd2 O-O 16. Bc3 Qf5 17. Qg3 Qg6 18. Qc7 Bd5 19. Qxe7 Rae8 20. Qg5 Bxe4
21. Qxg6 Bxg6 22. Bb4 Rxe1+ 23. Rxe1 Rd8 24. c4 Bc2 25. a5 f6 26. f3 Rd1 27.
Rxd1 Bxd1 28. Kf2 Bb3 29. c5 Kf7 30. Ke3 Ke6 31. Kd4 Kf5 32. Be1 h5 33. Bg3 Ba4
34. Bb8 a6 35. h4 Bb5 36. b4 Bf1 37. g3 Be2 38. Ke3 Bd1 39. Bd6 Ke6 40. Bf8 Kf7
41. Bd6 Ke6 1/2-1/2

[Event "72nd ch-RUS 2019"]
[Site "Izhevsk RUS"]
[Date "2019.08.11"]
[Round "2"]
[White "Tomashevsky, Evgeny"]
[Black "Dreev, Aleksey"]
[Result "1/2-1/2"]
[WhiteElo "2706"]
[BlackElo "2662"]
[PlyCount "82"]
[EventDate "2019.08.10"]

1. d4 d5 2. c4 c6 3. Nf3 Nf6 4. Nc3 e6 5. Bg5 Nbd7 6. e3 Qa5 7. cxd5 Nxd5 8.
Rc1 Nxc3 9. bxc3 Ba3 10. Rc2 b6 11. Be2 Ba6 12. O-O Bxe2 13. Rxe2 O-O 14. e4 e5
15. Nh4 exd4 16. Nf5 f6 17. Bf4 d3 18. Re3 Ne5 19. Bxe5 fxe5 20. Rxd3 Rf6 21.
Rd7 Bf8 22. Qb3+ Kh8 23. Rfd1 Qb5 24. Qxb5 cxb5 25. Kf1 Rc6 26. R1d3 a5 27. Rd8
Rcc8 28. Rxc8 Rxc8 29. Ne3 b4 30. Nd5 Rc6 31. cxb4 axb4 32. Ke2 Kg8 33. Rd2 b5
34. Rb2 Rc4 35. f3 Bc5 36. Kd2 Kf7 37. Rc2 Ke6 38. Kc1 Kd6 39. Kb2 Rd4 40. Kc1
Rc4 41. h3 g6 1/2-1/2

[Event "72nd ch-RUS 2019"]
[Site "Izhevsk RUS"]
[Date "2019.08.11"]
[Round "2"]
[White "Fedoseev, Vladimir3"]
[Black "Sarana, Alexey"]
[Result "1-0"]
[WhiteElo "2671"]
[BlackElo "2655"]
[PlyCount "77"]
[EventDate "2019.08.10"]

1. Nf3 d5 2. g3 Nf6 3. Bg2 g6 4. O-O Bg7 5. d4 c6 6. c4 O-O 7. a4 a5 8. cxd5
cxd5 9. Qb3 Nc6 10. Nc3 e6 11. Rd1 Qe7 12. Bf4 Nh5 13. Bg5 Qb4 14. Qa3 Bd7 15.
e4 Qxa3 16. Rxa3 Nb4 17. e5 f6 18. exf6 Nxf6 19. Ne5 Bc6 20. Bh3 Rfe8 21. Rd2
Nd7 22. Nxd7 Bxd7 23. Nb5 Rec8 24. Rc3 Ra6 25. Re2 Kf7 26. Nc7 Rc6 27. Bxe6+
Bxe6 28. Nxe6 Rxc3 29. bxc3 h6 30. Nxg7 hxg5 31. cxb4 Kxg7 32. bxa5 Rc4 33. Re5
Rxd4 34. Rxg5 Kf6 35. h4 Rd1+ 36. Kg2 d4 37. Rb5 Ra1 38. Kf3 Rxa4 39. Ke4 1-0

[Event "72nd ch-RUS 2019"]
[Site "Izhevsk RUS"]
[Date "2019.08.11"]
[Round "2"]
[White "Matlakov, Maxim"]
[Black "Alekseenko, Kirill"]
[Result "1/2-1/2"]
[WhiteElo "2710"]
[BlackElo "2668"]
[PlyCount "120"]
[EventDate "2019.08.10"]

1. Nf3 d5 2. d4 Nf6 3. c4 e6 4. g3 Bb4+ 5. Bd2 Be7 6. Bg2 O-O 7. O-O Nbd7 8.
Qc2 c6 9. Bf4 b6 10. Rd1 Ba6 11. cxd5 cxd5 12. Ne5 Rc8 13. Nc6 Nh5 14. Bc1 Nb8
15. Nxe7+ Qxe7 16. Qd2 Nc6 17. b3 Rfd8 18. Bb2 h6 19. Nc3 Nf6 20. Rac1 Qd7 21.
f3 Qe7 22. e3 Qe8 23. Ne2 Rd7 24. Nf4 Ne7 25. Rxc8 Qxc8 26. Rc1 Rc7 27. Rxc7
Qxc7 28. e4 dxe4 29. fxe4 Ne8 30. h3 Bb7 31. Kh2 Nc8 32. a4 Qe7 33. a5 Ncd6 34.
e5 Nf5 35. d5 exd5 36. Qd3 Qd7 37. a6 Bc6 38. Nxd5 Bxd5 39. Qxd5 Qxd5 40. Bxd5
Nc7 41. Be4 Ne3 42. Bd3 Kf8 43. Ba3+ Ke8 44. Kg1 Ned5 45. Kf2 Ne6 46. Bd6 Ndc7
47. Ke3 Kd7 48. h4 Nd5+ 49. Kd2 Ndc7 50. g4 Nd4 51. Bc4 Nce6 52. Ke3 Kc6 53. b4
h5 54. gxh5 Nf5+ 55. Ke4 Nxd6+ 56. exd6 Kxd6 57. Kf5 Nd4+ 58. Ke4 Ne6 59. Kf5
Nd4+ 60. Ke4 Ne6 1/2-1/2